Industrial Chemistry / (Record no. 10403)
[ view plain ]
| 000 -LEADER | |
|---|---|
| fixed length control field | 00581nam a22002297a 4500 |
| 001 - CONTROL NUMBER | |
| JCCL Control Number | 10403 |
| 003 - CONTROL NUMBER IDENTIFIER | |
| JCCL marc code | BD-JhCC |
| 005 - DATE AND TIME OF LATEST TRANSACTION | |
| control field | 20180425113842.0 |
| 008 - FIXED-LENGTH DATA ELEMENTS--GENERAL INFORMATION | |
| fixed length control field | 180425b20131985ii ||||| |||| 00| 0 eng d |
| 020 ## - INTERNATIONAL STANDARD BOOK NUMBER | |
| International Standard Book Number | 9788182833043 |
| 035 ## - SYSTEM CONTROL NUMBER | |
| system control number | (BD-JhCC)10403 |
| 040 ## - CATALOGING SOURCE | |
| Original cataloging agency | BD-JhCC |
| Modifying agency | BD-JhCC |
| 041 ## - LANGUAGE CODE | |
| Language code of Book | eng |
| 082 ## - DEWEY DECIMAL CLASSIFICATION NUMBER | |
| Classification number | 660 |
| Author mark and Year | SAR 2013 |
| 100 ## - MAIN ENTRY--PERSONAL NAME | |
| Personal name | Sharma, B. K. |
| 245 ## - TITLE STATEMENT | |
| Title | Industrial Chemistry / |
| Statement of responsibility, etc | B. K. Sharma |
| 260 ## - PUBLICATION, DISTRIBUTION, ETC. (IMPRINT) | |
| Place of publication, distribution, etc | New Dhile : |
| Name of publisher, distributor, etc | Goel Publishing House, |
| Date of publication, distribution, etc | 2013. |
| 300 ## - PHYSICAL DESCRIPTION | |
| Pagination | 1760 p. : |
| Dimensions | 25 cm. |
| 650 ## - SUBJECT ADDED ENTRY--TOPICAL TERM | |
| Topical term or geographic name as entry element | Chemical Engineering |
| 942 ## - ADDED ENTRY ELEMENTS (KOHA) | |
| Source of classification or shelving scheme | Dewey Decimal Classification |
| Koha item type | Reference |
| Source of classification or shelving scheme | Damaged status | Not for loan | Home library | Current library | Shelving location | Cost, normal purchase price | Total Checkouts | Full call number | Barcode | Date last seen | Copy number | Koha item type |
|---|---|---|---|---|---|---|---|---|---|---|---|---|
| Dewey Decimal Classification | JCC Rouf Library | JCC Rouf Library | General Stacks | 840.00 | 660 SAR 2013 | 13763 | 04/25/2018 | C-1 | Reference | |||
| Dewey Decimal Classification | JCC Rouf Library | JCC Rouf Library | General Stacks | 840.00 | 660 SAR 2013 | 13762 | 04/25/2018 | C-2 | Reference |